| 000 | 00987nam a22002297a 4500 | ||
|---|---|---|---|
| 003 | EG-ScBUE | ||
| 005 | 20221023095958.0 | ||
| 008 | 111129s1985 le o f 000 0 ara d | ||
| 040 |
_aEG-ScBUE _bara _erda _cEG-ScBUE _dEG-ScBUE |
||
| 082 | 0 | 4 |
_222 _a742 _bف ن م |
| 245 | 0 | 0 |
_aفن المنظور والإظهار المعماري / _cترجمة وإعداد سوسي إسكانيان، ربيع الحرستاني. |
| 250 |
_aطبعة ثانية، _bمزيدة ومنقحة. |
||
| 264 | 1 |
_aبيروت : _bدار قابس للطباعة والنشر والتوزيع، _c1985. |
|
| 300 |
_a303 صفحة : _bصور ؛ _c24 سم |
||
| 650 | 7 |
_aالرسم الهندسي. _2BUEsh _927782 |
|
| 650 | 7 |
_927781 _aالرسم المنظور. _2BUEsh |
|
| 653 |
_cNovember2011 _bART |
||
| 655 | _vReading book | ||
| 700 | 1 |
_927924 _aاسكانيان، سوسي، _eمترجم، _eمعد. |
|
| 700 | 1 |
_927925 _aالحرستاني، ربيع محمد نذير _eمترجم، _eمعد. |
|
| 942 |
_2ddc _cBB |
||
| 999 |
_c16272 _d16272 |
||